000
00287 a2200145 4500
001
110993
041
_a
por
090
_a
PC LENOVO 032
245
1
0
_a
PC Lenovo 03
250
_a
. ed.
300
_a
1 laptop
040
_a
BR-BrIDEA
_c
BR-BrIDEA
260
_a
[S.l.]
_c
2018
942
_c
DE
999
_c
110993
_d
110993